Top 10 najlepszych strzelców Ligue1. - Statystyki

Ogólne statystyki
  • Ten quiz został rozwiązany 154 razy
  • Średni wynik to 3 z 10
Statystyki odpowiedzi
# Piłkarz narodowość Liczba goli % Poprawnych
3 Kylian Mbappe
139
95%
9 Zlatan Ibrahimovic
113
82%
4 Edinson Cavani
138
81%
2 Pauleta
141
27%
1 Jean-Pierre Papin
156
22%
7 Wissam Ben Yedder
126
15%
10 Andre-Pierre Gignac
103
11%
8 Bafétimbi Gomis
122
6%
5 Sonny Anderson
138
4%
6 Lilian Laslandes
127
1%
Nie znaleziono quizów pasujących do podanych kryteriów
Rozkład punktacji
Procent ludzi z każdym wynikiem
Percentyl według liczby udzielonych odpowiedzi
Twoja historia wyników
Nie rozwiązałeś tego quizu